Webster’s New World business writing handbook
Webster’s New World Business writing handbook provides invaluable information about key business-writing areas, including finance, scientific-technical, advertising, development, and legal and contractual; Covers not only business letters but also style and etiquette for both e-mail and memos, adver...
Gardado en:
| Autor Principal: | |
|---|---|
| Formato: | Libro |
| Idioma: | Undetermined |
| Publicado: |
Indianapolis, IN.
Wiley Publishing, Inc.
2002
|
| Những chủ đề: | |
| Các nhãn: |
Engadir etiqueta
Sen Etiquetas, Sexa o primeiro en etiquetar este rexistro!
|
| Thư viện lưu trữ: | Trung tâm Học liệu Trường Đại học Cần Thơ |
|---|
| LEADER | 01311nam a2200217Ia 4500 | ||
|---|---|---|---|
| 001 | CTU_123963 | ||
| 008 | 210402s9999 xx 000 0 und d | ||
| 020 | |c 339000 | ||
| 082 | |a 808.06665 | ||
| 082 | |b W932 | ||
| 100 | |a Worth, Richard | ||
| 245 | 0 | |a Webster’s New World business writing handbook | |
| 245 | 0 | |c Richard Worth | |
| 260 | |a Indianapolis, IN. | ||
| 260 | |b Wiley Publishing, Inc. | ||
| 260 | |c 2002 | ||
| 520 | |a Webster’s New World Business writing handbook provides invaluable information about key business-writing areas, including finance, scientific-technical, advertising, development, and legal and contractual; Covers not only business letters but also style and etiquette for both e-mail and memos, advertising copywriting, formats and organizational plans for proposals, resumés, and more; Explains the principles of effective procedure writing and preparing a powerful presentation; Outlines the general formats for reports; Addresses the handling of employee issues and announcements; Offers a clear, definitive glossary of the most commonly used business-writing terms. | ||
| 650 | |a Commercial correspondence,Business writing | ||
| 650 | |x Handbooks, manuals, etc.,Handbooks, manuals, etc. | ||
| 904 | |i Minh | ||
| 980 | |a Trung tâm Học liệu Trường Đại học Cần Thơ | ||